Comida de los Estados Unidos - ¡Muerte Súbita! - Estadísticas

Estadísticas generales
  • Esta prueba ha sido intentada 87 veces
  • La puntuación promedio es 4 de 16
Answers on the Grid
Answers color-coded by a green-red scale on the quiz's grid according to % correct below.
Nachos
Philly cheesesteak
Pastel de pecanas
Huevos Benedict
Lox
Wonton
Garbage plate
Praline
Club sandwich
Pollo jerk
Hot dog italiano
Nuggets de pollo
Fish and chips
Cannelloni
Jambalaya
Pizza hawaiana
Crab Louie
Fondue
Poutine
Glorified rice
Deep-dish
Funeral potatoes
Poke
Empanadas
Bulgogi
Sel'd' pod shuboi
Étouffée
Clam chowder
 
Estadísticas de respuestas
Respuesta % Correcto
Nuggets de pollo
64%
Club sandwich
43%
Philly cheesesteak
43%
Funeral potatoes
26%
Garbage plate
26%
Huevos Benedict
26%
Deep-dish
22%
Glorified rice
21%
Hot dog italiano
21%
Poke
16%
Clam chowder
14%
Crab Louie
14%
Pastel de pecanas
9%
Lox
5%
Jambalaya
3%
Étouffée
0%
No se encontraron pruebas coincidentes
Distribución de puntuación
Porcentaje de gente con cada puntuación
Porcentaje por número respondido
Historial de tus puntuaciones
No has intentado esta prueba.